[Event "COL-ch U2000"]
[Site "Moniquira"]
[Date "2019.07.22"]
[Round "7"]
[White "Campos Gomez, Manuel"]
[Black "Velez Rueda, Juan Diego"]
[Result "1/2-1/2"]
[WhiteElo "1737"]
[BlackElo "1920"]
[PlyCount "30"]
[EventDate "2018.07.19"]
[EventType "swiss"]
[EventRounds "7"]
[EventCountry "COL"]
[SourceTitle "EXT 2021"]
[Source "ChessBase"]
[SourceDate "2020.10.23"]
[SourceVersion "1"]
[SourceVersionDate "2020.10.23"]
[SourceQuality "1"]

1. Nf3 d5 2. b3 c5 3. Bb2 Nc6 4. e3 a6 5. d4 cxd4 6. Nxd4 Nf6 7. Nd2 Qc7 8. Nxc6 bxc6 9. Be2 e5 10. 0-0 Bd6 11. c4 Bf5 12. Rc1 Qe7 13. Nf3 0-0 14. cxd5 cxd5 15. h3 a5 1/2-1/2

[Event "COL-ch U2000"]
[Site "Moniquira"]
[Date "2019.07.22"]
[Round "6"]
[White "Velez Rueda, Juan Diego"]
[Black "Hernandez, Jeronimo"]
[Result "0-1"]
[WhiteElo "1920"]
[BlackElo "1795"]
[PlyCount "64"]
[EventDate "2018.07.19"]
[EventType "swiss"]
[EventRounds "7"]
[EventCountry "COL"]
[SourceTitle "EXT 2021"]
[Source "ChessBase"]
[SourceDate "2020.10.23"]
[SourceVersion "1"]
[SourceVersionDate "2020.10.23"]
[SourceQuality "1"]

1. d4 Nf6 2. c4 e6 3. Nf3 Bb4+ 4. Bd2 Be7 5. Nc3 0-0 6. Bg5 d5 7. e3 b6 8. cxd5 exd5 9. Rc1 Bb7 10. Be2 h6 11. Bh4 c5 12. dxc5 bxc5 13. 0-0 Nbd7 14. Qc2 Rc8 15. Rfd1 a6 16. Rd2 Qb6 17. Rcd1 Rfd8 18. Qf5 Qe6 19. Qc2 g5 20. Bg3 Nb6 21. Bd3 Ne4 22. Bxe4 dxe4 23. Ne5 Rxd2 24. Qxd2 Rd8 25. Qe2 Rxd1+ 26. Qxd1 Nd5 27. Nxe4 Nxe3 28. Qa4 Nf5 29. Qe8+ Kg7 30. Nxc5 Qd5 31. Qxf7+ Qxf7 32. Nxf7 Bxc5 0-1

[Event "Bogota Mayores Alcaldia op 8th"]
[Site "Bogota"]
[Date "2018.06.11"]
[Round "7"]
[White "Otalora Pacheco, Carlos Eduardo"]
[Black "Velez Rueda, Juan Diego"]
[Result "1-0"]
[WhiteElo "2155"]
[BlackElo "1855"]
[PlyCount "55"]
[EventDate "2018.06.08"]
[EventType "swiss"]
[EventRounds "7"]
[EventCountry "COL"]
[SourceTitle "CBM 184 Extra"]
[Source "ChessBase"]
[SourceDate "2018.06.28"]
[SourceVersion "1"]
[SourceVersionDate "2018.06.28"]
[SourceQuality "1"]

1. d4 Nf6 2. Nf3 e6 3. c4 d5 4. Bg5 Be7 5. e3 Nbd7 6. Nc3 0-0 7. Qc2 Re8 8. Rd1 c6 9. Bd3 dxc4 10. Bxc4 b5 11. Bd3 a6 12. 0-0 Bb7 13. Bxf6 Nxf6 14. Ne4 Nxe4 15. Bxe4 h6 16. Ne5 Qc7 17. Rc1 c5 18. Bxb7 Qxb7 19. dxc5 Rac8 20. b4 a5 21. a3 axb4 22. axb4 Qd5 23. Nf3 Red8 24. Rfd1 Qh5 25. Nd4 e5 26. Nxb5 Rxd1+ 27. Qxd1 Qxd1+ 28. Rxd1 1-0

[Event "Bogota Mayores Alcaldia op 8th"]
[Site "Bogota"]
[Date "2018.06.10"]
[Round "5"]
[White "Torrente, Alejandro Josue"]
[Black "Velez Rueda, Juan Diego"]
[Result "0-1"]
[WhiteElo "2085"]
[BlackElo "1855"]
[PlyCount "96"]
[EventDate "2018.06.08"]
[EventType "swiss"]
[EventRounds "7"]
[EventCountry "COL"]
[SourceTitle "CBM 184 Extra"]
[Source "ChessBase"]
[SourceDate "2018.06.28"]
[SourceVersion "1"]
[SourceVersionDate "2018.06.28"]
[SourceQuality "1"]

1. e4 c5 2. Nf3 d6 3. Bb5+ Bd7 4. Bxd7+ Qxd7 5. 0-0 Nc6 6. Qe2 Nf6 7. c3 e6 8. Rd1 Be7 9. d4 cxd4 10. Nxd4 0-0 11. Nd2 a6 12. Nc4 Qc7 13. Nxc6 Qxc6 14. Bg5 Rac8 15. Bxf6 gxf6 16. Nd2 b5 17. Nf3 Rfd8 18. Nd4 Qc4 19. Rd3 Qc5 20. f4 e5 21. b4 Qa7 22. Kh1 exd4 23. Rh3 Rxc3 24. g3 Qb7 25. Qg4+ Kf8 26. Qf5 Re3 27. Qd5 Qxd5 28. exd5 Kg7 29. Rd1 d3 30. Kg2 Re8 31. g4 Bd8 32. Rxd3 Re2+ 33. Kf3 Bb6 34. Rh5 R8e3+ 35. Rxe3 Rxe3+ 36. Kg2 Re2+ 37. Kf3 Rxa2 38. Ke4 Bg1 39. g5 f5+ 40. Kxf5 Rxh2 41. Rh6 Rxh6 42. gxh6+ Kxh6 43. Kf6 Be3 44. f5 Bd2 45. Kxf7 Bxb4 46. Ke7 Bc3 47. Kxd6 Kg5 48. Ke6 b4 0-1

[Event "COL-ch sf"]
[Site "Medellin"]
[Date "2018.03.19"]
[Round "10"]
[White "Velez Rueda, Juan Diego"]
[Black "Gomez Rondon, Samuel"]
[Result "1-0"]
[WhiteElo "1904"]
[BlackElo "1477"]
[PlyCount "103"]
[EventDate "2018.03.14"]
[EventType "swiss"]
[EventRounds "10"]
[EventCountry "COL"]
[SourceTitle "CBM 183 Extra"]
[Source "ChessBase"]
[SourceDate "2018.04.19"]
[SourceVersion "1"]
[SourceVersionDate "2018.04.19"]
[SourceQuality "1"]

1. d4 Nf6 2. c4 g6 3. Nc3 Bg7 4. e4 d6 5. f3 0-0 6. Be3 c6 7. Nge2 Nbd7 8. Qd2 a6 9. c5 Qc7 10. cxd6 exd6 11. Rc1 Qd8 12. Nf4 Qe7 13. Be2 b6 14. 0-0 Bb7 15. Rfd1 Rad8 16. Bc4 b5 17. Bb3 Rfe8 18. Bf2 Nf8 19. Be3 Kh8 20. Qf2 Ne6 21. Nd3 d5 22. e5 Nd7 23. f4 f5 24. Bc2 Rf8 25. Bb1 Rc8 26. Ne2 Nb6 27. b3 Nd7 28. Rc2 Nb8 29. Bd2 Rfe8 30. Bb4 Qd7 31. Rdc1 Bf8 32. Bxf8 Rxf8 33. Nc5 Nxc5 34. dxc5 Qe7 35. Nd4 Nd7 36. b4 Rfe8 37. Rc3 Nf8 38. Bxf5 gxf5 39. Nxf5 Qe6 40. Nd6 Re7 41. Re1 d4 42. Qxd4 Qxa2 43. e6+ Rg7 44. Nf7+ Kg8 45. Nh6+ Kh8 46. Rg3 Ng6 47. f5 Qc4 48. Qxc4 bxc4 49. f6 Rgc7 50. e7 c3 51. e8Q+ Nf8 52. Rg8# 1-0

[Event "COL pre olympic sf2"]
[Site "Cartagena"]
[Date "2016.05.09"]
[Round "9"]
[White "Velez Rueda, Juan Diego"]
[Black "Garces Trujillo, Luis Javier"]
[Result "1/2-1/2"]
[WhiteElo "1782"]
[BlackElo "1941"]
[PlyCount "26"]
[EventDate "2016.05.04"]
[EventType "swiss"]
[EventRounds "9"]
[EventCountry "COL"]
[SourceTitle "CBM 172 Extra"]
[Source "ChessBase"]
[SourceDate "2016.06.21"]
[SourceVersion "1"]
[SourceVersionDate "2016.06.21"]
[SourceQuality "1"]

1. d4 Nf6 2. c4 g6 3. Nc3 d5 4. cxd5 Nxd5 5. Bd2 Bg7 6. e4 Nb6 7. Be3 0-0 8. Nf3 Nc6 9. Be2 Bg4 10. d5 Bxf3 11. Bxf3 Ne5 12. Be2 c6 13. dxc6 Nxc6 1/2-1/2

[Event "South America-ch U20 11th"]
[Site "Barrancabermeja"]
[Date "2015.04.24"]
[Round "3"]
[White "Velez Rueda, Juan Diego"]
[Black "Ruiz Agudelo, Santiago"]
[Result "1-0"]
[WhiteElo "1637"]
[BlackElo "1726"]
[PlyCount "36"]
[EventDate "2015.04.22"]
[EventType "swiss"]
[EventRounds "9"]
[EventCountry "COL"]
[SourceTitle "CBM 166 Extra"]
[Source "ChessBase"]
[SourceDate "2015.06.18"]
[SourceVersion "1"]
[SourceVersionDate "2015.06.18"]
[SourceQuality "1"]

1. d4 d5 2. c4 c6 3. Nc3 Nf6 4. Bf4 e6 5. c5 Nbd7 6. Nf3 Be7 7. h3 0-0 8. e3 b6 9. b4 a5 10. a3 Ba6 11. Bxa6 Rxa6 12. b5 cxb5 13. c6 Qc8 14. c7 b4 15. Nb5 Qb7 16. Rc1 Ne4 17. Qc2 Raa8 18. Ng5 Qa6 1-0

[Event "Santander Departamental-ch"]
[Site "Santander"]
[Date "2013.12.01"]
[Round "7"]
[White "Arciniegas Castro, Santiago"]
[Black "Velez Rueda, Juan Diego"]
[Result "1/2-1/2"]
[WhiteElo "1388"]
[BlackElo "1622"]
[PlyCount "39"]
[EventDate "2013.11.28"]
[EventType "swiss"]
[EventRounds "8"]
[EventCountry "COL"]
[SourceTitle "CBM 157 Extra"]
[Source "ChessBase"]
[SourceDate "2013.12.19"]
[SourceVersion "1"]
[SourceVersionDate "2013.12.19"]
[SourceQuality "1"]

1. e4 c5 2. Nf3 d6 3. d4 cxd4 4. Nxd4 Nf6 5. Nc3 Nc6 6. Nxc6 bxc6 7. Bg5 e5 8. Bc4 Be7 9. Qd2 Bb7 10. 0-0-0 0-0 11. Bxf6 Bxf6 12. Qxd6 Qxd6 13. Rxd6 Rad8 14. Rhd1 Rxd6 15. Rxd6 Bg5+ 16. Kb1 Rd8 17. Rxd8+ Bxd8 18. Kc1 Bb6 19. f3 Bg1 20. h3 1/2-1/2

[Event "Santander Departamental-ch"]
[Site "Santander"]
[Date "2013.11.29"]
[Round "4"]
[White "Rico Hernandez, Edgar"]
[Black "Velez Rueda, Juan Diego"]
[Result "1-0"]
[WhiteElo "1883"]
[BlackElo "1622"]
[PlyCount "38"]
[EventDate "2013.11.28"]
[EventType "swiss"]
[EventRounds "8"]
[EventCountry "COL"]
[SourceTitle "CBM 157 Extra"]
[Source "ChessBase"]
[SourceDate "2013.12.19"]
[SourceVersion "1"]
[SourceVersionDate "2013.12.19"]
[SourceQuality "1"]

1. d4 d5 2. c4 e6 3. Nc3 Nf6 4. Bg5 Nbd7 5. e3 c6 6. Nf3 Qa5 7. Nd2 Bb4 8. Qc2 0-0 9. Be2 dxc4 10. Bxf6 Nxf6 11. Nxc4 Qc7 12. 0-0 Nd5 13. Ne4 b5 14. Ne5 Bb7 15. Rac1 Rac8 16. Nd3 Qe7 17. a3 Bd6 18. Nec5 Ba8 19. Ne4 Qd7 1-0

[Event "Santander UDI Cup"]
[Site "Santander"]
[Date "2013.06.02"]
[Round "6"]
[White "Perez, Jhon Alexander"]
[Black "Velez Rueda, Juan Diego"]
[Result "0-1"]
[WhiteElo "1428"]
[BlackElo "1664"]
[PlyCount "47"]
[EventDate "2013.05.31"]
[EventType "swiss"]
[EventRounds "8"]
[EventCountry "COL"]
[SourceTitle "CBM 154 Extra"]
[Source "ChessBase"]
[SourceDate "2013.06.25"]
[SourceVersion "2"]
[SourceVersionDate "2013.06.25"]
[SourceQuality "1"]

1. e4 c5 2. Nf3 d6 3. Bb5+ Bd7 4. Bxd7+ Nxd7 5. Nc3 Ngf6 6. b3 e5 7. Bb2 Be7 8. d3 a6 9. Qd2 b5 10. Ne2 a5 11. a3 Nb6 12. b4 axb4 13. axb4 c4 14. d4 Nxe4 15. Qd1 Na4 16. Rb1 d5 17. c3 Rc8 18. Nxe5 Bxb4 19. Qc1 Bd6 20. Ba3 Bxa3 21. Qxa3 Ra8 22. Nc6 Naxc3 23. Qe7+ Qxe7 24. Nxe7 0-1

[Event "Santander UDI Cup"]
[Site "Santander"]
[Date "2013.06.01"]
[Round "4"]
[White "Mantilla Ortiz, Juan David"]
[Black "Velez Rueda, Juan Diego"]
[Result "1/2-1/2"]
[WhiteElo "1354"]
[BlackElo "1664"]
[PlyCount "41"]
[EventDate "2013.05.31"]
[EventType "swiss"]
[EventRounds "8"]
[EventCountry "COL"]
[SourceTitle "CBM 154 Extra"]
[Source "ChessBase"]
[SourceDate "2013.06.25"]
[SourceVersion "2"]
[SourceVersionDate "2013.06.25"]
[SourceQuality "1"]

1. e4 c5 2. Nf3 d6 3. d4 cxd4 4. Nxd4 Nf6 5. Nc3 a6 6. Bc4 e5 7. Nb3 Be6 8. Bxe6 fxe6 9. 0-0 d5 10. exd5 exd5 11. Re1 Nc6 12. Ne2 Be7 13. Ng3 0-0 14. Nf5 Ne4 15. Nxe7+ Nxe7 16. f3 Qb6+ 17. Be3 Qf6 18. fxe4 d4 19. Nxd4 exd4 20. Qxd4 Qxd4 21. Bxd4 1/2-1/2

[Event "Santander SUB 1800"]
[Site "Santander"]
[Date "2013.05.25"]
[Round "4.12"]
[White "Velez Rueda, Juan Diego"]
[Black "Gonzalez Suarez, Nelson"]
[Result "1-0"]
[WhiteElo "1675"]
[BlackElo "1604"]
[PlyCount "63"]
[EventDate "2013.05.18"]
[EventType "swiss"]
[EventRounds "7"]
[EventCountry "COL"]
[SourceTitle "EXT 2024"]
[Source "ChessBase"]
[SourceDate "2023.10.10"]
[SourceVersion "1"]
[SourceVersionDate "2023.10.10"]
[SourceQuality "1"]

1. d4 d5 2. c4 e6 3. Nc3 Nc6 4. e3 Bb4 5. Bd2 Bxc3 6. Bxc3 Nf6 7. Bd3 0-0 8. Qc2 Re8 9. Nf3 h6 10. 0-0 Kh8 11. a3 Rg8 12. b4 g5 13. b5 g4 14. Ne5 Nxe5 15. dxe5 Nh5 16. f4 c6 17. f5 Qh4 18. bxc6 bxc6 19. fxe6 Bxe6 20. Rxf7 Bxf7 21. e6+ Ng7 22. exf7 Rgf8 23. Rf1 Qg5 24. Bb4 Qxe3+ 25. Kh1 d4 26. Bxf8 Rxf8 27. a4 Nh5 28. Qe2 Qg5 29. Qe8 Qg7 30. Bg6 g3 31. Bxh5 gxh2 32. Kxh2 1-0

[Event "Santander SUB 1800"]
[Site "Santander"]
[Date "2013.05.19"]
[Round "3.5"]
[White "Salazar Arias, Martin"]
[Black "Velez Rueda, Juan Diego"]
[Result "1-0"]
[WhiteElo "1541"]
[BlackElo "1675"]
[PlyCount "35"]
[EventDate "2013.05.18"]
[EventType "swiss"]
[EventRounds "7"]
[EventCountry "COL"]
[SourceTitle "EXT 2024"]
[Source "ChessBase"]
[SourceDate "2023.10.10"]
[SourceVersion "1"]
[SourceVersionDate "2023.10.10"]
[SourceQuality "1"]

1. e4 c5 2. Nf3 d6 3. Bc4 e6 4. 0-0 Nd7 5. Re1 a6 6. c3 b5 7. Bf1 Be7 8. d4 e5 9. dxe5 dxe5 10. Qd5 Nb6 11. Qxe5 f6 12. Qg3 g5 13. e5 f5 14. Nxg5 h6 15. Nf3 Bb7 16. Qg6+ Kf8 17. e6 Bxf3 18. Qf7# 1-0